000 00660nam a2200205Ii 4500
003 JO-AjNU
008 230605s9999||||xx |||||||||||||| ||und||
040 _aJO-AjNU
_bara
_erda
_cJO-AjNU
041 _aara
050 1 4 _aKMM395.M3463.1998
100 3 _a المجالي، نظام توفيق ,
_eauthor
_946978
245 0 0 _aشرح قانون العقوبات : القسم العام
250 _aط1
264 3 1 _aعمان : دار الثقافة ، 1998
300 _a513ص
336 _atext
_btxt
_2rdacontent
337 _aunmediated
_bn
_2rdamedia
338 _avolume
_bnc
_2rdacarrier
650 4 _aقانون عقوبات -- الاردن
_946979
999 _aA20476
_c24044
_d24044